Poesías completas /

Guardado en:
Autor Principal: Obligado, Rafael
Formato: Libro
Publicado: Buenos Aires : Sopena, 1963
Edición:3a. ed.
Series:Colección Literaria Sopena
Materias:
Etiquetas: Agregar Etiqueta
Sin Etiquetas, Sea el primero en etiquetar este registro!
LEADER 00838nam a22002535a 4500
001 CEM.cems004723
005 20110506213612.0
008 130507s1963##################000#0#####d
003 CEMS
082 0 4 |a A861.2 
100 1 |a Obligado, Rafael 
245 1 0 |a Poesías completas /  |c Rafael Obligado 
250 |a 3a. ed. 
260 |a Buenos Aires :  |b Sopena,  |c 1963 
300 |a 142 p. 
490 0 |a Colección Literaria Sopena 
653 |a Literatura 
653 |a Literatura argentina 
653 |a Poesía argentina 
653 |a Poesías 
859 |a CEMS  |b BIB. CEMS - 11 de abril  |h A861.2  |i Ob4-1a3  |p 14473.75  |t Ej.1 
859 |a CEMS  |b BIB. CEMS - 11 de abril  |h A861.2  |i Ob4-1a3  |p 14474.75  |t Ej.2 
859 |a CEMS  |b BIB. CEMS - 11 de abril  |h A861.2  |i Ob4-1a3  |p 14475.75  |t Ej.3 
859 |a CEMS  |b BIB. CEMS - 11 de abril  |h A861.2  |i Ob4-1a3  |p 14476.75  |t Ej.4